000 00957cab a2200241 4500
001 X89711
008 090401t1998 xxu||||| |||| 00| 0 eng d
035 _a(Sirsi) u84158
041 _aeng
245 _aMJT Securities Ltd v SoS Environment
260 _c1998
350 _a0
490 _aJournal of Planning and Environment Law
_v[1998] JPL February 138-147(10)
520 _aCA 30 July 1997. Petrol filling station - edge of new settlement - rural policies - material considerations - duty of Inspector to give reasons - scope of the duty - whether distinction between major and minor injuries - Inspector`s reasons adequate - main issues addressed.
650 _aMATERIAL CONSIDERATION
650 _aM J T SECURITIES LTD V SOS ENVIRONMENT AND ANOTHER
650 _aPETROL FILLING STATIONS
650 _aPLANNING PERMISSION
650 _aRURAL POLICY
690 _aPLANNING LAW AND PRACTICE-CASE LAW
942 _n0
948 _c10/02/1998
999 _c52877
_d52877